000 00556nam a2200181 4500
001 140563
003 ES-MaACL
005 20230906200114.0
007 t|
008 070214s1969 sp r ||||1| spa d
100 1 _aSebag, Lucien.
_9105001
245 1 0 _aMarxismo y estructuralismo /
_cLucien Sebag ; traducción de Ignacio Romero de Solís.
250 _a1ª. ed.
260 _aMadrid :
_bSiglo Veintiuno de España,
_c1969.
300 _aIX, 273 p. ;
_c21 cm.
700 0 _aRomero de Solís, Ignacio.
_999374
852 _aES-MaACL
_jC-48473
_bR.71773
999 _c140563
_d140563